000 00580nam a2200157Ia 4500
008 151213s9999 xx 000 0 und d
020 _a984-07-2813-I
100 _aবাংলা একাডেমী ।
245 _aবৈশাখি লোক উৎসব প্রবন্ধ ১৪০০
_cবাংলা একাডেমী ।
260 _aঢাকা
_bবাংলা একাডেমী।
_c1993
300 _a8531 p.
650 _aBengali Literature
650 _aBengali Literature
700 _aবাংলা একাডেমী ।
999 _c4368
_d4368